000 00711nam a2200253Ia 4500
003 OSt
005 20220918185209.0
006 a|||||r|||| 00| 0
007 ta
008 220917b |||||||| |||| 00| 0 eng d
024 _a50,048
037 _cTextual
040 _aARTS
_cARTS
_beng
041 _2eng
_aeng
082 _aP:(C3:35), K2-;1 (PD)
100 _aHaden Ernest F
_968178
245 0 _aResonance theory for linguistics
260 _aThe
_bHague Mouton
_c1962
300 _a51p.
_ccm.
490 _aJanua linguarum ed by Cornelis H Van Schooneveld; 22
650 _aLINGUISTICS
942 _hP:(C3:35), K2-;1 (PD)
_cTEXL
_2CC
999 _c179647
_d179647